000 01261cab a2200241 4500
001 ABS68078
008 040809n2004 000 0 eng u
035 _a(Sirsi) u127036
100 _aSoetanto, R.
245 _aImpact of flood characteristics on damage caused to UK domestic properties: the perceptions of building surveyors
260 _c2004
490 _aStructural Survey
_v22(2) 2004, 95-104(10)
520 _aPresents the perceptions of 289 building surveyors regarding flood characteristics as part of a two-year research project to benchmark the assessment of flood-damaged domestic properties in the UK. Surveyors perceived the sewage, fasciae and contaminant content and depth of the floodwater. Findings also revealed that methods to determine these factors were primarily a function of individual subjective perceptions. Definitive guidance is therefore needed to minimise variations in subsequent repair and reinstatement works. Tables, graphs and references. [Taken from article abstract].
590 _aABS
650 _aFLOODING
650 _aContamination
_96231
650 _aCLIMATE CHANGE
650 _aDOMESTIC BUILDINGS
650 _aFLOOD DAMAGE
690 _aBUILT ENVIRONMENT
700 _aProverbs, D.
942 _n0
999 _c74497
_d74497